000 00455nam a22001697a 4500
003 CEME
005 20210628203528.0
008 210317b xxu||||| |||| 00| 0 eng d
040 _c.
082 _a621.3815 LIN'T
100 _aTexas Instruments
_962936
245 _aLinear circuits data book , 3-v family
260 _aUSA
_bTEXAS INSTRUMENTS
_c1994
300 _aV.P
650 _aDATA BOOK-LINEAR CIRCUITS LINEAR PRODUCTS
_966046
942 _cBK
_2ddc
999 _c574088
_d574088